000 00822nam a22002297a 4500
005 20240305142048.0
008 090826t xxu||||| |||| 00| 0 eng d
010 _aENG-139539
020 _a9788181715944
035 _aEN-123071
037 _bDBAD/PUB
082 _a574.52642
100 _aBanerjee, Dhriti
_962800
245 _aFunal diversity of satkosia and baisipalli wildlife sanctuaries, satkosia tiger reserve/
_cDhriti Banerjee
260 _bZoological survey of india
_aKolkata
_c2022
270 _aPrani vigyan bhawan , M-block , new alipore, kolkata
_bKolkata
_e700053
300 _a812p,
_c24CM(HBK)
700 _aAtanu Naskar
_962802
700 _aG.P. Mandal
_962804
700 _aKailash Chandra
_962806
942 _2ddc
_cEN
_mBAN
_e2022
999 _c201225
_d201226